Music Quiz

Random Music or Famous Quiz

The Musician's Life Quiz Stats

 Plays Quiz Updated Feb 5, 2013

Also try: The Artist's Life
Challenge
Share
Tweet
Score 0/22 Timer 07:00
0 Plays Today
% Correct
1983-2011
90%
1958-2009
86.7%
1963-2012
84.2%
1940-1980
77.4%
1935-1977
73.4%
1967-1994
72.5%
1942-1970
63.5%
1943-1971
58.3%
1941-1959
57.4%
1943-2001
57%
1971-1996
54.9%
% Correct
1979-2001
54.7%
1946-1991
52.7%
1972-1997
49%
1919-1987
45.2%
1945-1981
41.7%
1971-2002
41.3%
1939-1984
39.8%
1971-1995
36.3%
1960-1997
27.2%
1954-1990
25.5%
1947-2011
25.5%

You're not logged in!

Compare scores with friends on all Sporcle quizzes.
OR
Log In

You Might Also Like...

Show Comments

Extras

Top Quizzes Today


Score Distribution

Your Account Isn't Verified!

In order to create a playlist on Sporcle, you need to verify the email address you used during registration. Go to your Sporcle Settings to finish the process.

Report this User

Report this user for behavior that violates our Community Guidelines.

Details: